00460pab a2200145 454500008004000000100001900040245008500059260000900144300001400153362000800167650003700175650003800212650002200250773004200272180718b2003 xxu||||| |||| 00| 0 eng d aLarson, Ann E. aDecentralisation and forest management in Latin America: towards a working model c2003 ap.211-26. aAug aDecentralization - Latin America aForest management - Latin America aForest management aPublic Administration and Development